00258nam a2200109Ia 4500003000400000005001700004008004100021020001900062040001700081100002400098245002600122OSt20240305114021.0170524s9999 xx 000 0 und d a978-0070281011 ciimtu meerut aHENDERSON- JAMES M. 0aMICROECONOMICS THEORY